Kultúrno-osvetová práca v SSR

Salvato in:
Dettagli Bibliografici
Natura: Libro
Lingua:slovacco
Pubblicazione: Bratislava Obzor 1981
Edizione:2. vyd.
Serie:Encyklopédia osvetového pracovníka 11
Tags: Aggiungi Tag
Nessun Tag, puoi essere il primo ad aggiungerne!!

MARC

LEADER 00000nam a2200000 4500
001 c127788
005 20250714094629.5
041 0 |a slo 
044 |a SK 
245 1 0 |a Kultúrno-osvetová práca v SSR  |c František Karas 
250 |a 2. vyd. 
264 1 |a Bratislava  |b Obzor  |c 1981 
300 |a 205 s. 
490 1 |a Encyklopédia osvetového pracovníka  |v 11 
830 0 |a Encyklopédia osvetového pracovníka  |v 11